000 00740nam a2200265Ia 4500
003 OSt
005 20220918163416.0
006 a|||||r|||| 00| 0
007 ta
008 220917b |||||||| |||| 00| 0 eng d
020 _a0 7100 8114 6
024 _a20,893
037 _cTextual
040 _aARTS
_cARTS
_beng
041 _2eng
_aeng
082 _aO111,3M94:g, L5
100 _aWatt Donald
_913005
245 0 _aAldous Huxley
_b The critical heritage
260 _aLondon
_bRoutledge & Kegan Paul UK
_c1975
300 _a493p.
_ccm.
490 _aCritical heritage series ed by B C Southam
650 _aENGLISH LITERATURE
942 _hO111,3M94:g, L5
_cTEXL
_2CC
999 _c119415
_d119415